MARC

LEADER 00000nab a2200000 a 4500
001 vtls000301158
003 SK-MaSNL
005 20260305042550.0
008 111201c1987 xo 0 slo
015 |a SNBRB19rr/mm-uuuuu 
035 |a CL0311277 
040 |a SNKBUCL  |b slo  |c SNKBUCL  |e AACR2 
041 0 |a slo 
044 |a xo  |c SK 
080 |a 82:05  |2 1981 
080 |a 05  |2 1981 
080 |a 895  |2 1981 
080 |a 896  |2 1981 
080 |a 899.23  |2 1981 
080 |a 655.4  |2 1981 
100 1 |a Pecho, Štefan  |4 aut  |9 6771 
245 1 0 |a Netradičná Revue  |c Štefan Pecho 
650 0 7 |a Revue svetovej literatúry (časopis literárny)  |2 snkbucl  |9 921419 
650 0 7 |a africké literatúry  |2 snkbucl  |9 69125 
650 0 7 |a ázijská literatúra  |2 snkbucl  |9 1775 
650 0 7 |a literatúra Oceánie  |2 snkbucl  |9 953882 
655 7 |a články z novín a časopisov  |2 snkbucl  |9 267496 
655 7 |a články z odboru literárna veda a krásna literatúra  |2 snkbucl  |9 770045 
773 0 |t Nové slovo  |g Roč. 29, č. 50 (1987) 
850 |a Slovenská národná knižnica v Martine  |a MTA001 
852 |a SNK  |b KIS3GCP 
958 |a RK 
958 |a LX 
992 |a RBX 
999 |c 3349920  |d 3351850